000 00771nam a2200229 a 4500
001 56259
003 BD-RjUL
005 20211209080356.0
008 161128s1968 bg ||||| |||| 00| 0 ben d
020 _c: TK 2.00
035 _a(BD-RjUL)56383
040 _aBD-RjUL
_bben
_cBD-RjUL
041 _aben
082 _223
_a891.442
_bALR 1968
100 _aআলাউদ্দীন, মোঃ
_9147378
245 1 0 _aরক্ত গোলাপ :
_bনাটক /
_cমোঃ আলাউদ্দীন
260 _aবগুড়া :
_bসাহিত্য কুটির,
_c১৯৬৮
300 _a৯০ পৃ. ;
_c১৭ সেমি .
650 _aবাংলা নাটক
_9167389
650 _aBengali Drama
_9167390
942 _2ddc
_cBK
999 _c56259
_d56259